00475nam a2200145Ia 4500008004100000020001500041041000800056082001600064100003500080245014100115250000600256260003400262300001200296650002100308210716s2000 xx 000 0 und d a0273649280 aeng a338.04 BIRS aBirley, Sue; Muzyka, Daniel F. aFinancial times mastering entrepreneurship: the complete MBA companion in entrepreneurship.bComplete MBA companion in entrepreneurship. a1 aNew YorkbPrentice Hallc2000 axiv,418 aEntrepreneurship